01737nam a2200325 a 450000100100000000500170001000800410002702000180006804000250008608200280011110000390013924500840017825000110026226000590027330000200033250000630035250400730041559000270048865000420051565100420055765100450059965000410064491000370068595201310072295201310085395201400098495201330112495201390125799900150139600000198320240305090729.0090630s1997 dr 000 0 spa d a9789768156518 aDO-SdBNPbspacBNPHU a306.097293bF825s, 19971 aFranco, Franklin J.,d1936-93441710aSanto Domingo :bcultura, política e ideología /cFranklin Franco Pichardo. a4a ed. aSanto Domingo :bSociedad Editorial Dominicana,c1997. a153 p. ;c21cm. aIncluye datos biográficos del autor en la contracubierta aIncluye referencias bibliográficas y notas al pie de las páginas aInventariado, 2018/MFF 4aCulturazRepública Dominicana91983 4aRepública DominicanaxHistoria9170 4aRepública DominicanaxPolítica96440 4aNegroszRepública Dominicana92558 aValidado. Control de calidad MFF 0010718DSaGRbGRcHDd2019-07-11iLF1l0o306.097293 F825s, 1997p1983-40r2020-06-25te. 4w2020-06-25yLFDSZNo se presta 0010718DSaGRbGRcHDd2019-07-11iLF1l0o306.097293 F825s, 1997p1983-50r2020-06-25te. 5w2020-06-25yLFDSZNo se presta 001054708DSaGRbGRcHDd2010-05-20iLF1l0o306.097293 F825s, 1997p1983-30r2020-06-25te. 3w2020-06-25yLFDSZPréstamo en sala 0010718PDaPDbPDcHDd2009-06-30e058328iLF1l0o306.097293 F825s, 1997p1983-10r2020-06-25w2020-06-25yLFPDZNo se presta 0010718PDaPDbPDcHDd2009-06-30e058329iLF1l0o306.097293 F825s, 1997p1983-20r2020-06-25te. 2w2020-06-25yLFPDZNo se presta c1849d1849